000 00961nam a2200277 a 4500
001 31662
003 BD-RjUL
005 20211209051731.0
008 140421r19681949nyu b 001 0beng d
035 _aOCLC 442910 from rajwo18
_a(BD-RjUL) 31750
040 _aBD-RjUL
_beng
_cBD-RjUL
_dBD-RjUL
041 _aeng
082 _a192
_bLUL 1968
100 1 _aLuce, A. A.
_q(Arthur Aston),
_d1882-1977.
_996345
245 1 4 _aThe life of George Berkeley : Bishop of Cloyne /
_cby A. A. Luce
260 _aNew York :
_bGreenwood,
_c1968.
300 _axi, 260 p. :
_billus., facsims., ports. ;
_c24 cm
500 _aReprint of the 1949 edition: Nelson, London
504 _aIncludes index and Bibliographical footnotes.
600 1 0 _aBerkeley, George,
_d1685-1753.
_997318
650 _aBerkeley, George, 1685-1753
_994283
830 0 _aBibliotheca Britannica philosophica
_997319
942 _2ddc
_cBK
999 _c31662
_d31662